00471nam a2200109Ia 4500008004100000100002500041245016000066260002600226300001800252650001200270856007900282160712s9999 xx 000 0 und d aDavid, Carlos Primo. cCarlos Primo DavidaWhat does it take to finish your graduate degree?: Issues, Challenges and Recommendations to the UP College of Science Graduate Program c2011bScience Diliman avol. 23 no. 1 xSCIENCE uhttp://journals.upd.edu.ph/index.php/sciencediliman/issue/view/289/showToc